000 00314nam a22001457a 4500
008 230925b ||||| |||| 00| 0 eng d
020 _a9781551110998
041 _aeng
080 _a101
082 _a101BOS
100 _a44
101 _aFILOZ
245 _aMEDIEVAL PHILOSOPHY
_cBOSLEY.N.R
942 _2udc
_cBK
999 _c60393
_d60393